000 00691nam a2200241Ia 4500
003 OSt
005 20220918175226.0
006 a|||||r|||| 00| 0
007 ta
008 220917b |||||||| |||| 00| 0 eng d
024 _a16,257
037 _cTextual
040 _aARTS
_cARTS
_beng
041 _2eng
_aeng
082 _aO:1J52:9, J6-;1-;2(Mphill)
100 _aJohn Arthos
_953349
245 0 _aOn the poetry of Spenser and the form of romances
260 _aNew York
_bBooks for libraries Press
_c1956
300 _a207p.
_ccm.
650 _aENGLISH LITERATURE
942 _hO:1J52:9, J6-;1-;2(Mphill)
_cTEXL
_2CC
999 _c156641
_d156641